Statistik utama : Kelantan
| Format: | Book |
|---|---|
| Published: |
Kelantan :
Jabatan Perangkaan Malaysia Negeri Kelantan ,
2009-
|
| Subjects: |
MARC
| LEADER | 00000cam a2200000 7i4500 | ||
|---|---|---|---|
| 001 | 0000003923 | ||
| 005 | 20111124.0 | ||
| 022 | 0 | 0 | |a 1985-9163 |
| 090 | 0 | 0 | |a 315.95121 |b SUK 2009 |
| 245 | 0 | 0 | |a Statistik utama : |b Kelantan |
| 260 | 0 | 0 | |a Kelantan : |b Jabatan Perangkaan Malaysia Negeri Kelantan , |c 2009- |
| 300 | |a vii.83 p : |b .ill (col) ; |c 21 cm. | ||
| 500 | 0 | 0 | |a Annual |
| 650 | 0 | 0 | |a Kelantan |x Statistics, Vital |x Periodicals |
| 650 | 0 | 0 | |a Kelantan |x Statistics |x Periodicals |
| 850 | |a JPSM (2009) | ||
| 999 | |a 007703 |b Monograph |c Open Shelf |e Default branch | ||